Anagrammes de stades de football - Statistiques

Statistiques générales
  • Ce quiz a été pris 178 fois
  • Le résultat moyen est 7 sur 15
Statistiques - réponses
Pays Anagramme Stade % Correct
Fr cprincessedrap Parc des Princes
90%
Es munapoc Camp Nou
83%
Bre aranacam Maracana
82%
Ang faldortfodr Old Trafford
66%
Ang fadridemgbsort Stamford Bridge
54%
Es taidopolonwnatrema Wanda Metropolitano
46%
Ita pepe-sazazumegi Giuseppe-Meazza
42%
All laginudinaskrap Signal Iduna Park
37%
Es salletam Mestalla
32%
Ita onpasola San Paolo
32%
Eco kelipracct Celtic Park
31%
Ang samatrkejsp St James' Park
27%
Fr auripmaudogtans Groupama Stadium
23%
Arg aromalebbon La Bombonera
23%
Ang dionkarpoogs Goodison Park
15%
Aucun quiz correspondant
Distribution des résultats
% des personnes avec chaque résultat
Percentile par nombre de réponses
Votre historique - résultats
Vous n’avez pas pris ce quiz